TEXT BOOK OF GENERAL MEDICINE FOR DENTAL STUDENTS (Record no. 3351)

MARC details
000 -LEADER
fixed length control field 00376nam a2200145Ia 4500
008 - FIXED-LENGTH DATA ELEMENTS--GENERAL INFORMATION
fixed length control field 150201s2005 xx 000 0 und d
082 ## - DEWEY DECIMAL CLASSIFICATION NUMBER
Classification number 610
Item number T2005H
100 ## - MAIN ENTRY--PERSONAL NAME
Personal name HIRA, HARMANJEET S.
245 ## - TITLE STATEMENT
Title TEXT BOOK OF GENERAL MEDICINE FOR DENTAL STUDENTS
250 ## - EDITION STATEMENT
Edition statement 1ST
260 ## - PUBLICATION, DISTRIBUTION, ETC. (IMPRINT)
Name of publisher, distributor, etc. ARYA PUBLICATION
Place of publication, distribution, etc. DELHI
Date of publication, distribution, etc. 2005
300 ## - PHYSICAL DESCRIPTION
Extent 1-670
650 ## - SUBJECT ADDED ENTRY--TOPICAL TERM
Topical term or geographic name as entry element MEDICINE
942 ## - ADDED ENTRY ELEMENTS (KOHA)
Source of classification or shelving scheme Dewey Decimal Classification
Koha item type Books
Koha issues (borrowed), all copies 4
Holdings
Withdrawn status Lost status Source of classification or shelving scheme Damaged status Not for loan Home library Current library Date acquired Source of acquisition Cost, normal purchase price Serial Enumeration / chronology SGTU Bill Number Total Checkouts Full call number Barcode Date last seen Date last checked out Bill Date Koha item type
    Dewey Decimal Classification     SGT Dental Library SGT Dental Library 03/01/2006 U.B.S.DELHI 425.00 1 SGTU 825/838 2 610 T2005H FD3626 08/04/2025 08/04/2025 07/06/2012 Books
    Dewey Decimal Classification     SGT Dental Library SGT Dental Library 03/01/2006 U.B.S.DELHI 425.00 1 SGTU 825/838   610 T2005H FD3627 09/02/2015   07/06/2012 Books
    Dewey Decimal Classification     SGT Dental Library SGT Dental Library 03/01/2006 U.B.S.DELHI 425.00 1 SGTU 825/838 2 610 T2005H FD3628 28/03/2025 21/03/2025 07/06/2012 Books
    Dewey Decimal Classification     SGT Dental Library SGT Dental Library 03/01/2006 U.B.S.DELHI 425.00 1 SGTU 825/838 1 610 T2005H FD3629 24/06/2022 01/06/2022 07/06/2012 Books
    Dewey Decimal Classification     SGT Dental Library SGT Dental Library 03/01/2006 U.B.S.DELHI 425.00 1 SGTU 825/838 2 610 T2005H FD3630 13/03/2020 28/02/2020 07/06/2012 Books